-
Ahuja, B.N. and Chhabra, S.S.
Entry Personal Name
Number of records used in: 7
001 - CONTROL NUMBER
003 - CONTROL NUMBER IDENTIFIER
005 - DATE AND TIME OF LATEST TRANSACTION
- control field:
20160615125441.0
008 - FIXED-LENGTH DATA ELEMENTS
- fixed length control field:
160615|| aca||aabn | a|a d
040 ## - CATALOGING SOURCE
- Original cataloging agency:
OSt
- Transcribing agency:
OSt
100 ## - HEADING--PERSONAL NAME
- Personal name:
Ahuja, B.N. and Chhabra, S.S.
670 ## - SOURCE DATA FOUND
- Source citation:
Work cat.: (OSt): Ahuja, B.N. and Chhabra, S.S., Public Relations, 2004